000 00797nam a2200253 i 4500
001 bg
245 0 0 _aFilozofia matematyki :
_bantologia tekstów klasycznych /
_cwybór, oprac. i komentarze Roman Murawski ; Uniwersytet im. Adama Mickiewicza w Poznaniu.
250 _aWyd. 2 popr.
260 _aPoznań :
_bWydawnictwo Naukowe UAM,
_c1994.
300 _a324 s. ;
_c24 cm.
500 _aTekst tł. z różnych jęz.
504 _aBibliogr. s. 323-324.
650 4 _aMatematyka
_xfilozofia
650 4 _aMetamatematyka
700 1 _aMURAWSKI, Roman.
_eOprac.
710 _aUniwersytet im. Adama Mickiewicza (Poznań)
020 _a8323205272
040 _cBPK
041 1 _apl
080 _a510
920 _a83-232-0527-2
942 _cKS
008 s pl f |000 0 pol
999 _c30515
_d30515
856 _uhttp://koha.tu.koszalin.pl/cgi-bin/koha/opac-detail.pl?biblionumber=30515
_yKatalog online BPK